00554nam a22001817a 450000500170000001000150001702000260003203500140005803700130007208200100008510000160009524500780011126000460018927000650023530000260030050000210032670000250034720180814112326.0 aENG-123725 a9780199456789c595.00 aEN-107257 bDBAD/PUB a620.5 aRisal Singh aIntroduction to nanotechnology /cby Risal Singh [and] Shipra Mital Gupta c2016aNew Delhi bOxford University Press aYMCA Library Building, 1 Jai Singh Road,bNew Delhi e110001 c24cm(pbk)axiv,581p.  aIt include index aGupta, Shipra Mital